<?xml version="1.0" encoding="UTF-8"?>
<record
    xmlns:xsi="http://www.w3.org/2001/XMLSchema-instance"
    xsi:schemaLocation="http://www.loc.gov/MARC21/slim http://www.loc.gov/standards/marcxml/schema/MARC21slim.xsd"
    xmlns="http://www.loc.gov/MARC21/slim">

  <leader>00371nam a2200133Ia 4500</leader>
  <controlfield tag="003">OSt</controlfield>
  <controlfield tag="008">201019b           ||||| |||| 00| 0 eng d</controlfield>
  <datafield tag="082" ind1=" " ind2=" ">
    <subfield code="a">658.15</subfield>
    <subfield code="b">MAM</subfield>
  </datafield>
  <datafield tag="100" ind1=" " ind2=" ">
    <subfield code="a">MATTA, Satish K. </subfield>
  </datafield>
  <datafield tag="245" ind1=" " ind2=" ">
    <subfield code="a">Management of Financial Institutions and Services </subfield>
  </datafield>
  <datafield tag="260" ind1=" " ind2=" ">
    <subfield code="a">New Delhi</subfield>
    <subfield code="b">Vrinda Publications P Ltd. </subfield>
    <subfield code="c">(30 April 2014)</subfield>
  </datafield>
  <datafield tag="300" ind1=" " ind2=" ">
    <subfield code="a">645 pages</subfield>
  </datafield>
  <datafield tag="942" ind1=" " ind2=" ">
    <subfield code="2">ddc</subfield>
    <subfield code="c">BK</subfield>
  </datafield>
  <datafield tag="999" ind1=" " ind2=" ">
    <subfield code="c">761</subfield>
    <subfield code="d">761</subfield>
  </datafield>
  <datafield tag="952" ind1=" " ind2=" ">
    <subfield code="0">0</subfield>
    <subfield code="1">0</subfield>
    <subfield code="2">ddc</subfield>
    <subfield code="4">0</subfield>
    <subfield code="7">0</subfield>
    <subfield code="8">MBA</subfield>
    <subfield code="a">PIET</subfield>
    <subfield code="b">PIET</subfield>
    <subfield code="d">2011-06-17</subfield>
    <subfield code="e">Donated By Vrinda Publications</subfield>
    <subfield code="k">Donated By Vrinda Publications</subfield>
    <subfield code="l">0</subfield>
    <subfield code="o">332.01 MAM</subfield>
    <subfield code="p">17445</subfield>
    <subfield code="r">2019-12-04 00:00:00</subfield>
    <subfield code="w">2011-06-17</subfield>
    <subfield code="y">BK</subfield>
    <subfield code="z">Donated By Vrinda Publications</subfield>
  </datafield>
  <datafield tag="952" ind1=" " ind2=" ">
    <subfield code="0">0</subfield>
    <subfield code="1">0</subfield>
    <subfield code="2">ddc</subfield>
    <subfield code="4">0</subfield>
    <subfield code="7">0</subfield>
    <subfield code="8">BBA</subfield>
    <subfield code="a">PIET</subfield>
    <subfield code="b">PIET</subfield>
    <subfield code="d">2011-02-25</subfield>
    <subfield code="e">J B C, New Delhi</subfield>
    <subfield code="g">300.00</subfield>
    <subfield code="k">IS2009 Rs. 274.50</subfield>
    <subfield code="l">1</subfield>
    <subfield code="o">658.15 MAM</subfield>
    <subfield code="p">17373</subfield>
    <subfield code="r">2025-03-22 00:00:00</subfield>
    <subfield code="s">2025-02-15</subfield>
    <subfield code="w">2011-02-15</subfield>
    <subfield code="y">BK</subfield>
  </datafield>
  <datafield tag="952" ind1=" " ind2=" ">
    <subfield code="0">0</subfield>
    <subfield code="1">0</subfield>
    <subfield code="2">ddc</subfield>
    <subfield code="4">0</subfield>
    <subfield code="7">0</subfield>
    <subfield code="8">BBA</subfield>
    <subfield code="a">PIET</subfield>
    <subfield code="b">PIET</subfield>
    <subfield code="d">2011-02-25</subfield>
    <subfield code="e">J B C, New Delhi</subfield>
    <subfield code="g">300.00</subfield>
    <subfield code="k">IS2009 Rs. 274.50</subfield>
    <subfield code="l">1</subfield>
    <subfield code="o">658.15 MAM</subfield>
    <subfield code="p">17374</subfield>
    <subfield code="r">2025-08-22 00:00:00</subfield>
    <subfield code="s">2025-01-21</subfield>
    <subfield code="w">2011-02-15</subfield>
    <subfield code="y">BK</subfield>
  </datafield>
</record>
